UM Logo

On continuous-set model predictive control of permanent magnet synchronous machines / (Record no. 19806)

MARC details
000 -LEADER
fixed length control field 01139nam a22002537a 4500
003 - CONTROL NUMBER IDENTIFIER
control field OSt
005 - DATE AND TIME OF LATEST TRANSACTION
control field 20250916163615.0
008 - FIXED-LENGTH DATA ELEMENTS--GENERAL INFORMATION
fixed length control field 240322b ||||| |||| 00| 0 eng d
040 ## - CATALOGING SOURCE
Transcribing agency 0
082 ## - DEWEY DECIMAL CLASSIFICATION NUMBER
Classification number DPer 621.381 In821 September 2022 v. 37 n. 9
100 ## - MAIN ENTRY--PERSONAL NAME
Personal name Hammoud, Issa.
9 (RLIN) 55204
245 ## - TITLE STATEMENT
Title On continuous-set model predictive control of permanent magnet synchronous machines /
Statement of responsibility, etc. Issa Hammoud, Sebastian Hentzelt, Ke Xu, Thimo Oehlschlagel, Mohamed Abdelrahem, Christoph Hackl, and Ralph Kennel.
260 ## - PUBLICATION, DISTRIBUTION, ETC. (IMPRINT)
Place of publication, distribution, etc. New York ;
Name of publisher, distributor, etc. The Institute of Electrical and Electronics Engineers, Inc. ,
Date of publication, distribution, etc. September 2022.
300 ## - PHYSICAL DESCRIPTION
Extent Volume 37, pages 10360-10371 :
Other physical details illustration ;
Dimensions 28 cm.
500 ## - GENERAL NOTE
General note IEEE Transitions on Power Electronics, v. 37 n. 9, pages 10360-10371, September 2022.
700 ## - ADDED ENTRY--PERSONAL NAME
Personal name Hammoud, Issa.
Relator term author.
9 (RLIN) 55204
700 ## - ADDED ENTRY--PERSONAL NAME
Personal name Hentzelt, Sebastian.
Relator term author.
9 (RLIN) 55205
700 ## - ADDED ENTRY--PERSONAL NAME
Personal name Xu, Ke.
Relator term author.
9 (RLIN) 55206
700 ## - ADDED ENTRY--PERSONAL NAME
Personal name Oehlschlagel, Thimo.
Relator term author.
9 (RLIN) 55207
700 ## - ADDED ENTRY--PERSONAL NAME
Personal name Abdelrahem, Mohamed.
Relator term author.
9 (RLIN) 55208
700 ## - ADDED ENTRY--PERSONAL NAME
Personal name Hackl, Christoph.
Relator term author.
9 (RLIN) 55209
700 ## - ADDED ENTRY--PERSONAL NAME
Personal name Kennel, Ralph.
Relator term author.
9 (RLIN) 55210
942 ## - ADDED ENTRY ELEMENTS (KOHA)
Source of classification or shelving scheme Dewey Decimal Classification
Koha item type Periodicals
Holdings
Withdrawn status Lost status Source of classification or shelving scheme Damaged status Not for loan Collection code Home library Current library Date acquired Total Checkouts Full call number Date last seen Price effective from Koha item type Public note
    Dewey Decimal Classification     Periodicals UM Digos College - LIC UM Digos College - LIC 03/22/2024   DPer 621.381 In821 September 2022 v. 37 n. 9 03/22/2024 03/22/2024 Periodicals Periodical Article